|
|
|
|
| LEADER |
00000ny a22000003n 4500 |
| 005 |
20110524151129.0 |
| 008 |
010208s2000 sp s 000 0 spa c |
| 017 |
|
|
|a M15882-2000
|
| 020 |
|
|
|a 847130970X
|
| 035 |
|
|
|a 1591
|
| 040 |
|
|
|a UMA.RE
|d vLex
|
| 040 |
|
|
|a UMA.RLB
|d vLex
|
| 080 |
|
|
|a 347.723(460)
|
| 090 |
|
|
|c 240
|d 240
|
| 100 |
1 |
|
|a Rodrg̕uez Da̕z, Isabel
|
| 245 |
1 |
3 |
|a La empresa familiar en el m̀bito del derecho mercantil
|h [Recurso electrn̤ico]
|c Isabel Rodrg̕uez Da̕z
|
| 256 |
|
|
|a Servicio en ln̕ea
|
| 260 |
|
|
|a Madrid :
|b Editoriales de Derecho Reunidas,
|c D.L. 2000
|
| 300 |
|
|
|a 192 p. ;
|c 20 cm
|
| 490 |
1 |
|
|a Cuadernos mercantiles ;
|v 2
|
| 506 |
1 |
|
|a Contenido solo disponible en los productos indicados
|d vLex Global
|d vLex Global (Academic Edition, excluding Law Schools)
|d vLex Global (U.S. Academic Edition, Law Schools)
|d vLex Global (U.S. Academic Edition, excluding Law Schools)
|d vLex Global (Academic Edition, Law Schools)
|
| 650 |
0 |
7 |
|a Societario
|2 Tesauro vLex
|
| 650 |
0 |
7 |
|a Empresas familiares
|2 Tesauro vLex
|
| 650 |
0 |
7 |
|a Derecho de sociedades
|2 Tesauro vLex
|
| 740 |
0 |
|
|a vLex Libros (Servicios en ln̕ea)
|
| 830 |
|
0 |
|a Cuadernos mercantiles (Editoriales de Derecho Reunidas)
|
| 856 |
4 |
0 |
|u http://vlex.com/source/1591
|z Acceso restringido
|
| 942 |
|
|
|c BOOK
|
| 999 |
0 |
|
|a Family-owned business enterprises
|b Spain
|